Szczegóły MARC21

Melodiae na Psałterz polski przez Mikołaja Gomółkę uczynione /

003 -Nazwa inst., której nr kontr. jest w polu 001 [,]
    • @
    • Nazwa instytucji, której n kontrolny jest w polu 001
    • NUKAT
005 -DATA I CZAS OSTATNIEJ MODYFIKACJI [,]
    • @
    • pole kontrolne
    • 20241231115349.0
020 -Międzynarod. znormalizowany nr książki - ISBN [ , ]
    • a
    • Numer ISBN
    • 8304006758 Find
040 -Instytucja sporządzająca opis [ , ]
    • a
    • Instytucja, która sporządziła opis (NP)
    • GD U/TZ
    • c
    • Instytucja, która sporządziła rekord (NP)
    • GD U/TZ
    • d
    • Instytucja, która zmodyfikowała rekord (P)
    • WR O/ZWs
    • d
    • Instytucja, która zmodyfikowała rekord (P)
    • OLSZT 003/bak
    • d
    • Instytucja, która zmodyfikowała rekord (P)
    • GD U/DC
    • d
    • Instytucja, która zmodyfikowała rekord (P)
    • GD U/MJ
041 -Język dokumentu [1, ]
    • a
    • Język tekstu (P)
    • polski
    • h
    • Język tekstu oryginalnego i/lub pośredniego (P)
    • nieokreślone
942 -Rodzaj dokumentu [ , ]
    • c
    • Rodzaj dokumentu
    • Książka
100 -Hasło główne - nazwa osobowa [1, ]
    • a
    • Nazwa osobowa (NP)
    • Gomółka, Mikołaj
    • d
    • Daty biograficzne (NP)
    • (około 1535-po 1591).
    • 9
    • KHW
    • 55109
240 -Tytuł ujednolicony [1,0]
    • a
    • Tytuł ujednolicony
    • Melodie na psałterz polski
    • 9
    • KHW
    • 55113
245 -Strefa tytułu i oznaczenia odpowiedzialności [1,0]
    • a
    • Tytuł
    • Melodiae na Psałterz polski przez Mikołaja Gomółkę uczynione / Find
    • c
    • Pozostałe elementy strefy tytułu i oznaczenia odpowiedzialności (NP)
    • wstęp i transkr. nut Mirosław Perz ; transkr. tekstu Jerzy Woronczak ; Polska Akademia Nauk. Instytut Badań Literackich.
260 -Strefa adresu wydawniczego [ , ]
    • a
    • Miejsce wydania (P)
    • Wrocław [etc.] :
    • b
    • Nazwa wydawcy (P)
    • Zakład Narodowy im. Ossolińskich - Wydawnictwo,
    • c
    • Data wydania (P)
    • 1990.
300 -Strefa opisu fizycznego [ , ]
    • a
    • Określenie formy książki i/lub objętość (NP)
    • Partytura (208, [4] s.) ;
    • c
    • Format (NP)
    • 25 cm.
336 -Typ zawartości [ , ]
    • a
    • Termin opisujący typ zawartości
    • Nuty
    • b
    • Kod określający zawartość
    • ntm
    • 2
    • Źródło (terminu i kodu)
    • rdacontent
337 -Typ mediów [ , ]
    • a
    • Tryb odtwarzania
    • Bez urządzenia pośredniczącego
    • b
    • Kod typu mediów
    • n
    • 2
    • Źródło (terminu i kodu)
    • rdamedia
338 -Typ/rodzaj nośnika [ , ]
    • a
    • Hasło opisujące typ nośnika
    • Wolumin
    • b
    • Kod typu nośnika
    • nc
    • 2
    • Źródło (terminu i kodu)
    • rdacarrier
490 -Strefa serii i książki wielotomowej - forma nie do wyszukiwania [1, ]
    • a
    • Tytuł (P)
    • Dzieła wszystkie : wydanie sejmowe / Jan Kochanowski ; red. Jerzy Woronczak ; kom. red. Władysław Floryan [et al.] oraz zespół oprac. Maria Renata Mayenowa [et al.] ; Find
    • v
    • Numeracja (P)
    • t. 1
490 -Strefa serii i książki wielotomowej - forma nie do wyszukiwania [1, ]
    • a
    • Tytuł (P)
    • Biblioteka Pisarzów Polskich. Seria B, Find
    • x
    • ISSN (NP)
    • 0519-864X ;
    • v
    • Numeracja (P)
    • nr 23
490 -Strefa serii i książki wielotomowej - forma nie do wyszukiwania [1, ]
    • a
    • Tytuł (P)
    • Psałterz Dawidów / Jan Kochanowski ; Find
    • v
    • Numeracja (P)
    • cz. 5
830 -Hasło dodatkowe serii i opisu książki wielotomowej - tytuł ujednolicony/tytuł [ ,0]
    • a
    • Tytuł ujednolicony/tytuł (NP)
    • Biblioteka Pisarzów Polskich.
    • n
    • Oznaczenie części/podserii/sekcji (P)
    • Seria B
    • x
    • ISSN
    • 0519-864X
    • v
    • Oznaczenie tomu (NP)
    • nr 23
    • 9
    • KHW
    • 47057
830 -Hasło dodatkowe serii i opisu książki wielotomowej - tytuł ujednolicony/tytuł [ ,0]
    • a
    • Tytuł ujednolicony/tytuł (NP)
    • Biblia.
    • p
    • Nazwa części/podserii/sekcji (P)
    • ST.
    • p
    • Nazwa części/podserii/sekcji (P)
    • Księga Psalmów
    • l
    • Język tekstu (NP)
    • (pol. ;
    • f
    • Rok wydania
    • 1983)
    • v
    • Oznaczenie tomu (NP)
    • cz. 5
    • 9
    • KHW
    • 55114
504 -Uwaga dot. bibliogr. załącznikowej [ , ]
    • a
    • Uwaga dot. bibliografii załącznikowej
    • Indeksy.
080 -Uniwersalna Klasyfikacja Dziesiętna [ , ]
    • 2
    • Identyfikator wydania tablic
    • UDC-P058
    • a
    • Symbol klasyfikacji
    • 821.162.1-1
    • b
    • Dopowiedzenie
    • Literatura polska. - Poezja. Dramat poetycki.
    • 9
    • UKD
    • 8011
    • 4
    • UKD2
    • 8484
    • x
    • Poddział wspólny
    • "15"
    • c
    • Dopowiedzenie poddz. wspólnego
    • Wiek XVI.
655 -Hasło w funkcji tematu formalnego [ ,7]
    • a
    • Hasło
    • Poezja religijna polska
    • y
    • Określnik chronologiczny
    • 16 w.
    • 2
    • Źródło terminu
    • kaba
    • 9
    • KHW
    • 360142
655 -Hasło w funkcji tematu formalnego [ ,7]
    • a
    • Hasło
    • Pieśni religijne polskie
    • y
    • Określnik chronologiczny
    • 16 w.
    • 2
    • Źródło terminu
    • kaba
    • 9
    • KHW
    • 362293
980 -Symbol UKD [ , ]
    • a
    • UKD
    • 821.162.1-1"15"
700 -Hasło dodatkowe - nazwa osobowa [1, ]
    • a
    • Nazwa osobowa (NP)
    • Mayenowa, Maria Renata Find
    • d
    • Daty biograficzne (NP)
    • (1908-1988).
    • e
    • Określenie rodzaju współpracy
    • Oprac.
    • 9
    • KHW
    • 17968
700 -Hasło dodatkowe - nazwa osobowa [1, ]
    • a
    • Nazwa osobowa (NP)
    • Woronczak, Jerzy Find
    • d
    • Daty biograficzne (NP)
    • (1923-2003).
    • e
    • Określenie rodzaju współpracy
    • Red.
    • 9
    • KHW
    • 45551
700 -Hasło dodatkowe - nazwa osobowa [1, ]
    • a
    • Nazwa osobowa (NP)
    • Perz, Mirosław Find
    • d
    • Daty biograficzne (NP)
    • (1933-2023).
    • e
    • Określenie rodzaju współpracy
    • Wstęp
    • 9
    • KHW
    • 55110
700 -Hasło dodatkowe - nazwa osobowa [1, ]
    • a
    • Nazwa osobowa (NP)
    • Kochanowski, Jan Find
    • d
    • Daty biograficzne (NP)
    • (1530-1584).
    • e
    • Określenie rodzaju współpracy
    • Tł.
    • 9
    • KHW
    • 7604
710 -Hasło dodatkowe - nazwa ciała zbiorowego [2, ]
    • a
    • Nazwa ciała zbiorowego lub nazwa geograficzna jako pierwszy element (NP)
    • Zakład Narodowy im. Ossolińskich.
    • b
    • Nazwa jednostki podrzędnej (P)
    • Wydawnictwo.
    • 4
    • Kod relacji
    • pbl
    • 9
    • KHW
    • 54188
730 -Hasło dodatkowe - tytuł ujednolicony [0, ]
    • a
    • Tytuł ujednolicony (NP)
    • Biblia.
    • p
    • Nazwa części (P)
    • ST.
    • p
    • Nazwa części (P)
    • Księga Psalmów
    • 9
    • KHW
    • 227699
800 -Hasło dodatkowe opisu książki wielotomowej - nazwa osobowa [1, ]
    • a
    • Nazwa osobowa (NP)
    • Kochanowski, Jan
    • d
    • Daty biograficzne (NP)
    • (1530-1584).
    • t
    • Tytuł ujednolicony/tytuł (NP)
    • Dzieła wszystkie: wydanie sejmowe
    • v
    • Oznaczenie tomu (NP)
    • t. 1
    • 9
    • KHW
    • 55111
920 -ISBN [ , ]
    • a
    • ISBN
    • 83-04-00675-8 Find
Data inwentaryzacji Sygnatura Uwagi nie widoczne w OPAC Lokalizacja Status udost. Numer inwentarzowy
1998-09-11  BG-3W.177247
1998-09-11  BG-3W.177248
1998-09-11  BG-3W.177249
  retrokonwersjaBG1Z.80639
1998-09-11POL. Jan Kochanowski 05 BM1P.9635